000 01506nam a2200313 4500
003 CO-CtgCURN
005 20250329165428.0
008 160531s2004 000 0 eng d
040 _aCO-CtgCURN
_bspa
_ccoctgcurn
082 0 _aENF 2004
_bA775a
245 0 0 _aAtencion integral de enfermeria para preescolares maltratados fisica y psicologicamente como consecuencia de la violencia intrafamiliar que asisten a la Escuela Comunitaria Los Corales de Cartagena 2003 /
_cDoris Arrieta Burgos ... [et al.].
260 _aCartagena de Indias :
_bCorporación Universitaria Rafael Núñez,
_c2004.
300 _a154 h.
336 _2rdacontent
337 _2rdamedia
_asin mediacion
_bn
338 _2rdacarrier
_avolumen
_bnc
500 _aIncluye anexos.
502 _aTrabajo de grado (Enfermera (o)). Corporacion Universitaria Rafael Nuñez. Facultad de Ciencias de la Salud. Programa de Enfermeria, 2004.
504 _aIncluye bibliografia.
590 _aEnfemeria
650 0 _aEnfermeria
_vTesis y disertaciones academicas.
700 1 _aArrieta Burgos, Doris.
700 1 _aMartelo Martinez, Pierina.
700 1 _aMartinez Torreglosa, Loli Luz.
700 1 _aTorres Zambrano, Rosaida.
856 7 _uhttps://unicurn.sharepoint.com/:b:/s/biblioteca/EXM6b6E9ECpOm7QcJw6nCJ4BpSEAlDB43huX0XIZUJ7l1w?e=SYnXj8
_zClick aqui para ver el recurso en texto completo
942 _hENF 2004
_iA775a
_2ddc
_cTG
999 _c3662
_d3662